000
002520000a22000970004500
100
1
_a
Gasc, Hugo
245
1
0
_a
Reencuentro con mi primera biblia
300
_a
Vol. 50, Núm 217 (1995), Páginas 25-31
773
0
_t
La Biblia de las Américas
942
_c
ANA
999
_c
51378
_d
51378